New York Knicks leading scorer each game (2024-2025 season) - Statistics

General Stats
  • This quiz has been taken 57 times
  • The average score is 5 of 6
Answer Stats
# of games Player % Correct
32 Jalen Brunson
100%
29 Karl Anthony-Towns
100%
2 Josh Hart
91%
7 Mikal Bridges
87%
11 OG Anunoby
79%
1 Landry Shamet
43%
No matching quizzes found
Score Distribution
Percent of People with Each Score
Percentile by Number Answered
Your Score History
You have not taken this quiz